<?xml version="1.0" encoding="UTF-8"?>
<collection xmlns="http://www.loc.gov/MARC21/slim">
 <record>
  <leader>02443nam a22005777a 4500</leader>
  <controlfield tag="001">000163771</controlfield>
  <controlfield tag="003">CZ-PrVSE</controlfield>
  <controlfield tag="005">20100913132523.0</controlfield>
  <controlfield tag="007">ta</controlfield>
  <controlfield tag="008">100118s1928    xr c   fr     000 0 cze d</controlfield>
  <datafield tag="015" ind1=" " ind2=" ">
   <subfield code="a">cnb000765688</subfield>
  </datafield>
  <datafield tag="020" ind1=" " ind2=" ">
   <subfield code="q">(Váz.)</subfield>
  </datafield>
  <datafield tag="035" ind1=" " ind2=" ">
   <subfield code="a">(OCoLC)85678080</subfield>
  </datafield>
  <datafield tag="040" ind1=" " ind2=" ">
   <subfield code="a">ABA006</subfield>
   <subfield code="b">cze</subfield>
   <subfield code="c">ABA006</subfield>
   <subfield code="d">ABA006</subfield>
  </datafield>
  <datafield tag="072" ind1=" " ind2="7">
   <subfield code="a">336.7</subfield>
   <subfield code="x">Finance</subfield>
   <subfield code="2">Konspekt</subfield>
   <subfield code="9">4</subfield>
  </datafield>
  <datafield tag="072" ind1=" " ind2="9">
   <subfield code="a">332</subfield>
   <subfield code="x">Financial economics</subfield>
   <subfield code="2">Conspectus</subfield>
   <subfield code="9">4</subfield>
  </datafield>
  <datafield tag="080" ind1=" " ind2=" ">
   <subfield code="a">336.71/.73</subfield>
   <subfield code="2">MRF</subfield>
  </datafield>
  <datafield tag="080" ind1=" " ind2=" ">
   <subfield code="a">336.71(437)</subfield>
   <subfield code="2">MRF</subfield>
  </datafield>
  <datafield tag="080" ind1=" " ind2=" ">
   <subfield code="a">336.722</subfield>
   <subfield code="2">MRF</subfield>
  </datafield>
  <datafield tag="080" ind1=" " ind2=" ">
   <subfield code="a">336.773</subfield>
   <subfield code="2">MRF</subfield>
  </datafield>
  <datafield tag="080" ind1=" " ind2=" ">
   <subfield code="a">368(437)</subfield>
   <subfield code="2">MRF</subfield>
  </datafield>
  <datafield tag="080" ind1=" " ind2=" ">
   <subfield code="a">(437)</subfield>
   <subfield code="2">MRF</subfield>
  </datafield>
  <datafield tag="099" ind1=" " ind2="9">
   <subfield code="a">336.7PIM</subfield>
  </datafield>
  <datafield tag="245" ind1="0" ind2="0">
   <subfield code="a">Almanach československého peněžnictví v prvním desetiletí Československé republiky /</subfield>
   <subfield code="c">redigoval Antonín Pimper</subfield>
  </datafield>
  <datafield tag="250" ind1=" " ind2=" ">
   <subfield code="a">2. vyd.</subfield>
  </datafield>
  <datafield tag="260" ind1=" " ind2=" ">
   <subfield code="a">V Praze :</subfield>
   <subfield code="b">Peněžní sekce všeúřednického odboru Čs. N.D.,</subfield>
   <subfield code="c">1928</subfield>
   <subfield code="f">(Pražská akciová tiskárna)</subfield>
  </datafield>
  <datafield tag="300" ind1=" " ind2=" ">
   <subfield code="a">342 s. :</subfield>
   <subfield code="b">il., portréty</subfield>
  </datafield>
  <datafield tag="648" ind1=" " ind2="4">
   <subfield code="a">1918-1928</subfield>
  </datafield>
  <datafield tag="650" ind1="0" ind2="7">
   <subfield code="a">peněžnictví</subfield>
   <subfield code="7">ph115710</subfield>
   <subfield code="2">czenas</subfield>
  </datafield>
  <datafield tag="650" ind1="0" ind2="7">
   <subfield code="a">komerční banky</subfield>
   <subfield code="7">ph114951</subfield>
   <subfield code="2">czenas</subfield>
  </datafield>
  <datafield tag="650" ind1="0" ind2="7">
   <subfield code="a">spořitelny</subfield>
   <subfield code="7">ph159590</subfield>
   <subfield code="2">czenas</subfield>
  </datafield>
  <datafield tag="650" ind1="0" ind2="7">
   <subfield code="a">družstevní záložny</subfield>
   <subfield code="7">ph182346</subfield>
   <subfield code="2">czenas</subfield>
  </datafield>
  <datafield tag="650" ind1="0" ind2="7">
   <subfield code="a">pojišťovnictví</subfield>
   <subfield code="7">ph124214</subfield>
   <subfield code="2">czenas</subfield>
  </datafield>
  <datafield tag="651" ind1=" " ind2="7">
   <subfield code="a">Československo</subfield>
   <subfield code="7">ge131689</subfield>
   <subfield code="2">czenas</subfield>
  </datafield>
  <datafield tag="655" ind1=" " ind2="7">
   <subfield code="a">přehledy</subfield>
   <subfield code="7">fd133202</subfield>
   <subfield code="2">czenas</subfield>
  </datafield>
  <datafield tag="650" ind1="0" ind2="9">
   <subfield code="a">banking industry</subfield>
   <subfield code="2">eczenas</subfield>
  </datafield>
  <datafield tag="650" ind1="0" ind2="9">
   <subfield code="a">commercial banks</subfield>
   <subfield code="2">eczenas</subfield>
  </datafield>
  <datafield tag="650" ind1="0" ind2="9">
   <subfield code="a">savings and loan associations</subfield>
   <subfield code="2">eczenas</subfield>
  </datafield>
  <datafield tag="650" ind1="0" ind2="9">
   <subfield code="a">credit unions</subfield>
   <subfield code="2">eczenas</subfield>
  </datafield>
  <datafield tag="650" ind1="0" ind2="9">
   <subfield code="a">insurance</subfield>
   <subfield code="2">eczenas</subfield>
  </datafield>
  <datafield tag="651" ind1=" " ind2="9">
   <subfield code="a">Czechoslovakia</subfield>
   <subfield code="2">eczenas</subfield>
  </datafield>
  <datafield tag="655" ind1=" " ind2="9">
   <subfield code="a">surveys</subfield>
   <subfield code="2">eczenas</subfield>
  </datafield>
  <datafield tag="700" ind1="1" ind2=" ">
   <subfield code="a">Pimper, Antonín,</subfield>
   <subfield code="d">1884-1959</subfield>
   <subfield code="7">jk01093112</subfield>
   <subfield code="4">edt</subfield>
  </datafield>
  <datafield tag="856" ind1="4" ind2="1">
   <subfield code="u">https://kramerius.vse.cz/search/handle/uuid:6c332c70-2bba-11e1-aa04-0013d398622b</subfield>
   <subfield code="y">Digitalizovaný dokument</subfield>
  </datafield>
  <datafield tag="911" ind1=" " ind2=" ">
   <subfield code="a">ABA006</subfield>
   <subfield code="d">zdigitalizováno</subfield>
   <subfield code="u">https://kramerius.vse.cz/search/handle/uuid:6c332c70-2bba-11e1-aa04-0013d398622b</subfield>
  </datafield>
  <datafield tag="993" ind1=" " ind2=" ">
   <subfield code="a">000642074</subfield>
  </datafield>
  <datafield tag="996" ind1=" " ind2=" ">
   <subfield code="1">PDPZ1</subfield>
   <subfield code="3">P2161</subfield>
   <subfield code="4">N:G</subfield>
   <subfield code="5">3142234891</subfield>
   <subfield code="8">20100118</subfield>
   <subfield code="9">336.7PIM</subfield>
   <subfield code="f">95</subfield>
   <subfield code="l">UEP01</subfield>
   <subfield code="m">BOOK</subfield>
   <subfield code="q">Knihovna Žižkov depoz. 1</subfield>
   <subfield code="t">prezenční - lze objednat</subfield>
   <subfield code="u">UEP01</subfield>
   <subfield code="w">20100127</subfield>
  </datafield>
  <datafield tag="996" ind1=" " ind2=" ">
   <subfield code="1">PDPZ1</subfield>
   <subfield code="3">P2161a</subfield>
   <subfield code="4">N:G</subfield>
   <subfield code="5">3142263481</subfield>
   <subfield code="8">20130123</subfield>
   <subfield code="9">336.7PIM</subfield>
   <subfield code="f">81</subfield>
   <subfield code="l">UEP01</subfield>
   <subfield code="m">BOOK</subfield>
   <subfield code="q">Knihovna Žižkov depoz. 1</subfield>
   <subfield code="t">na 1 měsíc</subfield>
   <subfield code="u">UEP01</subfield>
   <subfield code="w">20130123</subfield>
  </datafield>
  <datafield tag="996" ind1=" " ind2=" ">
   <subfield code="1">PDPZ1</subfield>
   <subfield code="3">ZF413</subfield>
   <subfield code="4">N:P; PC=16672/59; SI=E8747/2</subfield>
   <subfield code="5">3142326784</subfield>
   <subfield code="8">20190603</subfield>
   <subfield code="9">336.7PIM</subfield>
   <subfield code="f">89</subfield>
   <subfield code="l">UEP01</subfield>
   <subfield code="m">BOOK</subfield>
   <subfield code="q">Knihovna Žižkov depoz. 1</subfield>
   <subfield code="t">přísně prezenční</subfield>
   <subfield code="u">UEP01</subfield>
   <subfield code="w">20190603</subfield>
  </datafield>
 </record>
</collection>
